Land's polaroid : (Record no. 7276)
[ view plain ]
| 000 -LEADER | |
|---|---|
| fixed length control field | 00702nam a22002177a 4500 |
| 003 - CONTROL NUMBER IDENTIFIER | |
| control field | OSt |
| 005 - DATE AND TIME OF LATEST TRANSACTION | |
| control field | 20260112045354.0 |
| 008 - FIXED-LENGTH DATA ELEMENTS--GENERAL INFORMATION | |
| fixed length control field | 260112b |||||||| |||| 00| 0 eng d |
| 020 ## - INTERNATIONAL STANDARD BOOK NUMBER | |
| International Standard Book Number | 0395421144 |
| 040 ## - CATALOGING SOURCE | |
| Original cataloging agency | DWCL - Main |
| Transcribing agency | OC |
| 082 ## - DEWEY DECIMAL CLASSIFICATION NUMBER | |
| Classification number | Circ. 338.7 W4 1987 |
| 100 ## - MAIN ENTRY--PERSONAL NAME | |
| Personal name | Wensberg, Peter C. |
| Relator term | Author |
| 245 ## - TITLE STATEMENT | |
| Title | Land's polaroid : |
| Remainder of title | a company and the man who invented it / |
| Statement of responsibility, etc. | Peter C. Wensberg |
| 260 ## - PUBLICATION, DISTRIBUTION, ETC. | |
| Place of publication, distribution, etc. | Boston: |
| Name of publisher, distributor, etc. | Houghton Mifflin Company, |
| Date of publication, distribution, etc. | c1987. |
| 300 ## - PHYSICAL DESCRIPTION | |
| Extent | 258 p.: |
| Other physical details | ill., |
| Dimensions | 24 cm. |
| 501 ## - WITH NOTE | |
| With note | Include index. |
| 650 ## - SUBJECT ADDED ENTRY--TOPICAL TERM | |
| Topical term or geographic name entry element | 1. Land, Edwin Herbert, 1909-. |
| 650 ## - SUBJECT ADDED ENTRY--TOPICAL TERM | |
| Topical term or geographic name entry element | 2. Polaroid Corporation -- History. |
| 650 ## - SUBJECT ADDED ENTRY--TOPICAL TERM | |
| Topical term or geographic name entry element | 3. Polaroid Land camera -- History. |
| 942 ## - ADDED ENTRY ELEMENTS (KOHA) | |
| Source of classification or shelving scheme | Dewey Decimal Classification |
| Koha item type | Book Circulation |
| Suppress in OPAC | No |
| 952 ## - LOCATION AND ITEM INFORMATION (KOHA) | |
| -- | |
| Withdrawn status | Lost status | Source of classification or shelving scheme | Damaged status | Not for loan | Home library | Current library | Shelving location | Date acquired | Source of acquisition | Total Checkouts | Full call number | Barcode | Date last seen | Copy number | Price effective from | Koha item type | Uniform Resource Identifier |
|---|---|---|---|---|---|---|---|---|---|---|---|---|---|---|---|---|---|
| Dewey Decimal Classification | Junior High School Library | Junior High School Library | Circulation | 09/28/2005 | Library Fund | Circ. 338.7 W4 1987 | JHS - 12657 | 01/12/2026 | c1 | 01/12/2026 | BK-CIRC |